header

Domestic workers across the world (Record no. 76768)

MARC details
000 -LEADER
fixed length control field 01036nam a2200265Ia 4500
245 00 - TITLE STATEMENT
Title Domestic workers across the world
260 ## - PUBLICATION, DISTRIBUTION, ETC. (IMPRINT)
Place of publication Geneva :
Name of publisher ILO Publications,
Year of publication 2013.
300 ## - PHYSICAL DESCRIPTION
Number of Pages x, 134 p.
650 #0 - SUBJECT ADDED ENTRY--TOPICAL TERM
Topical Term Household employees.
Topical Term Labor economics.
856 40 - ELECTRONIC LOCATION AND ACCESS
Uniform Resource Identifier http://site.ebrary.com/lib/rucke/Doc?id=10654470

No items available.

© 2026 Rongo University
Contact us: librarian | system librarian | Rongo university